ბათუმის შოთა რუსთაველის სახელმწიფო უნივერსიტეტის ბიბლიოთეკა

Справочник конструктора-машиностроителя в 3-х томах. Т.3. (ბიბ.ჩანაწერი № 40384)

000 -LEADER
fixed length control field 00666nam a2200205Ia 4500
001 - CONTROL NUMBER
control field 6992
003 - CONTROL NUMBER IDENTIFIER
control field GE_BSU
008 - FIXED-LENGTH DATA ELEMENTS--GENERAL INFORMATION
fixed length control field 181216s||||||||xx |||||||||||||| ||und||
040 ## - CATALOGING SOURCE
Transcribing agency GE_BSU
080 ## - UNIVERSAL DECIMAL CLASSIFICATION NUMBER
Universal Decimal Classification number 621.001.2(035)
100 ## - MAIN ENTRY--PERSONAL NAME
Personal name Анурьев,В.И.
245 ## - TITLE STATEMENT
Title Справочник конструктора-машиностроителя в 3-х томах. Т.3.
245 ## - TITLE STATEMENT
Statement of responsibility, etc. Ред. Т.С.Грачева, Л.П.Рыжова.
260 ## - PUBLICATION, DISTRIBUTION, ETC.
Place of publication, distribution, etc. М.
260 ## - PUBLICATION, DISTRIBUTION, ETC.
Name of publisher, distributor, etc. Машиностроение.
260 ## - PUBLICATION, DISTRIBUTION, ETC.
Date of publication, distribution, etc. 1980.
300 ## - PHYSICAL DESCRIPTION
Extent 557стр. илл. 22см.
653 ## - INDEX TERM--UNCONTROLLED
Uncontrolled term Справочник конструктора-машиностроителя.
942 ## - ADDED ENTRY ELEMENTS (KOHA)
Koha item type წიგნი
ეგზემპლარები
Withdrawn status Lost status Damaged status Not for loan Date acquired Barcode Date last seen Price effective from Koha item type
        2018-12-17 9811 2018-12-17 2018-12-17 წიგნი